Cơ học lí thuyết

Sách nêu lên những khái niệm và định luật cơ bản của cơ học chất điểm; các định lý tổng quát của động lực học và các định luật bảo toàn; chuyển động xuyên tâm; những cơ sở của cơ học giải tích; dao động bé; chuyển động của vật rắn.....

وصف كامل

محفوظ في:
التفاصيل البيبلوغرافية
المؤلف الرئيسي: Nguyễn, Hữu Mình
التنسيق: كتاب
اللغة:Undetermined
منشور في: Hà Nội Đại học Quốc gia Hà Nội 1997
الموضوعات:
الوسوم: إضافة وسم
لا توجد وسوم, كن أول من يضع وسما على هذه التسجيلة!
Thư viện lưu trữ: Trung tâm Học liệu Trường Đại học Cần Thơ
LEADER 01021nam a2200217Ia 4500
001 CTU_22803
008 210402s9999 xx 000 0 und d
082 |a 531 
082 |b M312/1997 
100 |a Nguyễn, Hữu Mình 
245 0 |a Cơ học lí thuyết 
245 0 |c Nguyễn Hữu Mình 
260 |a Hà Nội 
260 |b Đại học Quốc gia Hà Nội 
260 |c 1997 
520 |a Sách nêu lên những khái niệm và định luật cơ bản của cơ học chất điểm; các định lý tổng quát của động lực học và các định luật bảo toàn; chuyển động xuyên tâm; những cơ sở của cơ học giải tích; dao động bé; chuyển động của vật rắn... 
526 |a Cơ lý thuyết - Vật lý,Cơ học lý thuyết 
526 |b SP437,TNL607 
650 |a Mechanics 
904 |i Trọng Hải 
980 |a Trung tâm Học liệu Trường Đại học Cần Thơ